The World Book Dictionary

Bibliographic Details
Format: Book
Published: Chicago : World Book inc , 1990
Subjects:

MARC

LEADER 00000cam a2200000 7i4500
001 0000004323
002 000004645
005 20080723.0
020 |a 0716602903 
090 0 0 |a 031   |b WOR 
245 0 4 |a The World Book Dictionary 
260 |a Chicago :   |b World Book inc ,   |c 1990 
300 |a Pv :   |b Illust. ;   |c 28cm. 
500 |a Library has 2 vols 
650 0 0 |a Dictionaries 
999 |a 020020   |b ENSIKLOPEDIA DEWASA   |c RUJUKAN   |e PERPUSTAKAAN KOMUNITI PETALING JAYA 
999 |a 020021   |b ENSIKLOPEDIA DEWASA   |c RUJUKAN   |e PERPUSTAKAAN KOMUNITI PETALING JAYA